Les numéros de départements divisibles par 7 - Statistiques

Statistiques générales
  • Ce quiz a été pris 41 fois
    13 depuis la dernière actualisation
  • Le résultat moyen est 12 sur 14
Statistiques - réponses
Hint Réponse % Correct
07 Ardèche
100%
14 Calvados
100%
21 Côte-d'Or
100%
35 Ille-et-Vilaine
100%
42 Loire
100%
56 Morbihan
100%
63 Puy-de-Dôme
100%
28 Eure-et-Loir
75%
70 Haute-Saône
75%
49 Maine-et-Loire
75%
77 Seine-et-Marne
75%
84 Vaucluse
75%
91 Essonne
50%
973 Guyane
50%
Aucun quiz correspondant
Distribution des résultats
% des personnes avec chaque résultat
Percentile par nombre de réponses
Votre historique - résultats
Vous n’avez pas pris ce quiz depuis la dernière actualisation